| 000 | 00625cam a2200157ua 4500 | ||
|---|---|---|---|
| 041 |
_amal _h |
||
| 082 |
_a894.812 301 _bSAN/AI |
||
| 100 | _aSankunny, Kottarathil . | ||
| 110 | 1 |
_a . _b _c() |
|
| 245 |
_aAithihya Mala, Part 6 / _cKottarathil Sankunny. _hTextual Documents |
||
| 250 |
_a1 / _b. |
||
| 300 | _a24 ; . | ||
| 504 | _a | ||
| 942 | _cBK | ||
| 999 |
_c6578 _d6578 |
||